[Event "Mogliano Veneto op-A 43th"]
[Site "Mogliano Veneto"]
[Date "2023.04.24"]
[Round "3"]
[White "Budyi, Danylo"]
[Black "Pentelashoski, Ivanche"]
[Result "1-0"]
[WhiteElo "1963"]
[BlackElo "1646"]
[PlyCount "85"]
[EventDate "2023.04.23"]
[EventType "swiss"]
[EventRounds "5"]
[EventCountry "ITA"]
[SourceTitle "EXT 2024"]
[Source "ChessBase"]
[SourceDate "2023.10.10"]
[SourceVersion "1"]
[SourceVersionDate "2023.10.10"]
[SourceQuality "1"]

1. d4 Nf6 2. Nf3 g6 3. Bf4 Bg7 4. e3 d6 5. Nbd2 0-0 6. Bd3 Nbd7 7. c4 c5 8. b4 cxd4 9. exd4 Nh5 10. Be3 e5 11. g4 Nf4 12. Bxf4 exf4 13. Qb3 Re8+ 14. Kd1 Nb6 15. h3 Bd7 16. a4 a5 17. b5 Be6 18. Rc1 f6 19. Kc2 Rc8 20. Kb1 Bf7 21. h4 Nd7 22. Qc2 Nf8 23. h5 g5 24. Bf5 Rc7 25. Qd3 Rce7 26. d5 Qb6 27. Ne4 h6 28. Rhe1 Nd7 29. Bxd7 Rxd7 30. Nd4 Re5 31. Nf5 Rd8 32. Qa3 Rxf5 33. gxf5 Bxh5 34. Qc3 Rf8 35. c5 dxc5 36. Qxc5 Qxc5 37. Nxc5 Bf3 38. Ne6 Rf7 39. Rc8+ Kh7 40. d6 g4 41. Rc7 Kg8 42. Rxf7 Kxf7 43. d7 1-0

[Event "Santa Maria di Sala op-B 29th"]
[Site "Santa Maria di Sala"]
[Date "2022.12.11"]
[Round "5"]
[White "Pentelashoski, Ivanche"]
[Black "Altissimo, Tiziano"]
[Result "0-1"]
[WhiteElo "1652"]
[BlackElo "1587"]
[PlyCount "52"]
[EventDate "2022.12.09"]
[EventType "swiss"]
[EventRounds "5"]
[EventCountry "ITA"]
[SourceTitle "EXT 2024"]
[Source "ChessBase"]
[SourceDate "2023.10.10"]
[SourceVersion "1"]
[SourceVersionDate "2023.10.10"]
[SourceQuality "1"]

1. e4 c5 2. c3 d5 3. exd5 Qxd5 4. d4 cxd4 5. cxd4 e6 6. Nc3 Bb4 7. Nf3 Nc6 8. Be3 Nge7 9. Bd3 0-0 10. 0-0 Bxc3 11. bxc3 b6 12. Qc2 h6 13. Rfd1 Bb7 14. a3 Rac8 15. Qd2 Na5 16. Rab1 Nc4 17. Qe2 Nxe3 18. Qxe3 Nf5 19. Qf4 Rxc3 20. a4 Rfc8 21. Rb5 Qd6 22. Rxf5 Qxf4 23. Rxf4 Rxd3 24. Re1 Bxf3 25. gxf3 Rc4 26. a5 bxa5 0-1

[Event "Santa Maria di Sala op-B 29th"]
[Site "Santa Maria di Sala"]
[Date "2022.12.10"]
[Round "3"]
[White "Pentelashoski, Ivanche"]
[Black "Morganti, Lionello"]
[Result "1-0"]
[WhiteElo "1652"]
[BlackElo "1580"]
[PlyCount "59"]
[EventDate "2022.12.09"]
[EventType "swiss"]
[EventRounds "5"]
[EventCountry "ITA"]
[SourceTitle "EXT 2024"]
[Source "ChessBase"]
[SourceDate "2023.10.10"]
[SourceVersion "1"]
[SourceVersionDate "2023.10.10"]
[SourceQuality "1"]

1. Nf3 Nf6 2. d4 g6 3. c4 Bg7 4. g3 0-0 5. Bg2 c6 6. Nc3 d5 7. 0-0 Nbd7 8. Bf4 dxc4 9. Qc2 Nd5 10. e4 Nxf4 11. gxf4 Qc7 12. Ne2 Nf6 13. Ne5 Nh5 14. Qxc4 Qb6 15. Qc3 Bh6 16. Nd3 Rd8 17. Bf3 Nf6 18. Ne5 Nd7 19. Nc4 Qc7 20. e5 Nb6 21. Ne3 e6 22. Ng4 Bf8 23. Nf6+ Kg7 24. d5 Na4 25. Qd4 Qa5 26. d6 Nb6 27. Ng3 Nd5 28. Bxd5 cxd5 29. Ngh5+ Kh8 30. Rfc1 1-0